|
|
|
|
| LEADER |
01331nam a22002777a 4500 |
| 001 |
38010 |
| 003 |
BD-DhAAL |
| 005 |
20260409170530.0 |
| 008 |
220316r20022001ii a|||| |||| 001 0aben d |
| 020 |
|
|
|a 8176126608
|
| 040 |
|
|
|a BD-DhAAL
|c BD-DhAAL
|
| 041 |
|
|
|a ben
|
| 082 |
|
|
|a 891.44709
|2 23
|
| 245 |
|
|
|a তিন কুড়ি দশ.
|n পঞ্চম খন্ড, দিন বদলের পালা ১৯৬৭- ১৯৭৫ /
|c অশোক মিত্র.
|
| 246 |
|
|
|a Tin kuri dash (Vol. V)
|
| 260 |
|
|
|a কলকাতা :
|b দে’জ পাবলিশিং (ভারত),
|c ২০০১ [পরিমার্জিত সংস্করণ ২০০২].
|
| 300 |
|
|
|a ২৭৮ পৃষ্ঠা :
|b চিএ ;
|c ২১ সে.মি.
|
| 500 |
|
|
|a নিঘন্ট অন্তভূক্ত ।
|
| 541 |
|
|
|a Donated by Akbar Ali Khan
|e 38010
|
| 600 |
|
|
|a Mittra, Asok
|d 1917-1999.
|9 47069
|
| 650 |
|
|
|a Authors, Bengali
|v Biography.
|9 47070
|
| 651 |
|
|
|a India
|x Officials and employees, Retired
|v Biography.
|9 47071
|
| 852 |
|
|
|a Ayesha Abed Library
|c Akbar Ali Khan Collection
|
| 942 |
|
|
|2 ddc
|c BK
|
| 999 |
|
|
|c 43798
|d 43798
|
| 952 |
|
|
|0 0
|1 0
|2 ddc
|4 0
|6 891_447090000000000_MIT
|7 1
|9 70165
|a BRACUL
|b BRACUL
|c AAKC
|d 2022-03-16
|e Donated by Akbar Ali Khan
|l 0
|o 891.44709 MIT
|p 3010038010
|r 2024-09-29
|t 1
|w 2022-03-16
|y BK
|